000 00508nam a22001817a 4500
005 20251108165021.0
008 250721s1993 xx 000 0 ara d
082 1 4 _a927.8/باخ
245 1 0 _aباخ /
264 1 _aبيروت :
_bدار الراتب الجامعية،
_c1993.
300 _a77ص
490 0 _aسلاسل سوفنير : عالم الموسيقيين
650 1 7 _aالتراجم
650 1 7 _aالموسيقى
650 1 7 _aالموسيقيون
942 _2ddc
_cBK
999 _c20010
_d20010